000
00333nam a22001457a 4500
003
OSt
005
20160727222416.0
008
160625b xxu||||| |||| 00| 0 eng d
040
_c
TEST
100
_9
1126
_a
Gererd, J
245
_a
Jet Stewardess
260
_a
N.Y
_b
Julian Messner
_c
1962
300
_a
Jet Stewardess
942
_2
ddc
_c
BK
999
_c
910
_d
910